Plats de l'Afrique - Mort Subite - Statistiques

Statistiques générales
  • Ce quiz a été pris 508 fois
  • Le résultat moyen est 4 sur 16
Answers on the Grid
Answers color-coded by a green-red scale on the quiz's grid according to % correct below.
Ndolé
Chakchouka
Calulu
Raviolis
Pelau
Tajine
Injera et wot
Poulet moambe
Amok de poisson
Fondue
Laplap
Lakror
Lablabi
Salade méchouia
Soupe joumou
Choripán
Kochari
Saucisse Merguez
Sosatie
Biltong
Soupe ogbono
Dambou
Salade Waldorf
Shawarma
Cachupa
Ugali
Fattouche
Laksa
 
Statistiques - réponses
Réponse % Correct
Tajine
69%
Ndolé
58%
Chakchouka
41%
Poulet moambe
36%
Salade méchouia
34%
Soupe ogbono
27%
Dambou
18%
Saucisse Merguez
17%
Ugali
13%
Lablabi
11%
Calulu
9%
Injera et wot
9%
Kochari
6%
Biltong
5%
Cachupa
3%
Sosatie
2%
Aucun quiz correspondant
Distribution des résultats
% des personnes avec chaque résultat
Percentile par nombre de réponses
Votre historique - résultats
Vous n’avez pas pris ce quiz